000 00571nam a2200229Ia 4500
003 OSt
005 20220924142354.0
006 a|||||r|||| 00| 0
007 ta
008 220923b |||||||| |||| 00| 0 ben d
024 _a301721
037 _cTextual
040 _aARTS
_cARTS
_bben
041 _2ben
_aben
082 _aY:434v, 157M5
100 _aBasu Sajal
_9123409
245 0 _aGaribi akankhar bisphoran o bidroha
260 _c1985
650 _aSOCIOLOGY
942 _hY:434v, 157M5
_cTEXL
_2CC
999 _c450533
_d450533